000 00297nam a22001217a 4500
008 190314b xxu||||| |||| 00| 0 eng d
041 _aeng
080 _a043.3
100 _a0
101 _aINI-BA
245 _aMenaxhimi dhe organizimi i punishtes (Kompleksi Valoni)
_cJusufi,I
942 _2udc
_cBK
999 _c54781
_d54781